Medienalltag und Handeln : Medienpaedagogik im spiegel von geschichte, forschung und praxis

Saved in:
Bibliographic Details
Main Author: Schorb, Bernd 1947-
Format: Book
Language:German
Published: Leske : Budrich : Opladen, 1995
Tags: Add Tag
No Tags, Be the first to tag this record!

MARC

LEADER 00000nam a2200000 i 4500
001 1/12262
008 000919s1995 ger d
020 |a 3-8100-1382-X 
035 |l 10064140 
040 |a GR-MY-UA  |b gre  |e aacr 
041 0 |a ger 
082 0 |a 373.01 
100 1 |a Schorb, Bernd  |d 1947- 
245 1 0 |a Medienalltag und Handeln :  |b Medienpaedagogik im spiegel von geschichte, forschung und praxis /  |c Bernd Schorb 
260 |a Leske :   |a Budrich :   |b Opladen,   |c 1995 
300 |a 244 p.;  |c 21 cm 
852 |a INST  |b RHODES  |e 20000919  |h 373.01 SCH  |p 005400014986  |q 005400014986  |t BK  |y 0 
901 |a BIBL4-2000-3 
909 |a Ρ  |b 065897 
922 |a 4ΕΛΗ  |b 199905  |c ΚΠΣ/154  |d LEADER BOOKS 
970 |z 2000/09/LITSA